Statistiken für Minecraft Varo 3 Teilnehmer

Klicken Sie hier um das Quiz zu spielen!

Allgemein

  • Dieses Quiz wurde 280 mal gespielt
  • Das Durchschnittsergebnis liegt bei 32 aus 62

Antwortstatistiken

Antwort% Korrekt
Paluten
94%
BastiGHG
92%
GermanLetsPlay
90%
Stegi
86%
VeniCraft
86%
Rewinside
85%
ConCrafter
83%
Ungespielt
80%
Zombey
79%
maudado
77%
Dner
75%
MinecraftExpertDE
75%
SparkofPhoenix
74%
GommeHD
73%
KranCrafter
72%
CastCrafter
71%
Sturmwaffel
71%
DoctorBenx
63%
MrMoregame
61%
Zander
61%
Brammen
60%
FazonHD
58%
izzi
58%
LPmitKev
58%
HerrBergmann
57%
AviveHD
56%
LetsPhil
56%
Beni
54%
Haubna
54%
DelayLP
51%
Vicevice
50%
DebitorLP
49%
Logo
47%
baastiZockt
46%
Gamerstime
46%
Tobination
46%
Anyart
44%
Earliboy
42%
H0llyLP
42%
PXLWLF
42%
CoRRoNa
41%
TheKedosZone
41%
BaluiLP
40%
EsKay
40%
skate702
39%
HandofBlood
38%
Dhalucard
35%
Selbstgespräch
35%
NichtNilo
34%
QuotenKadl
33%
Takaishii
33%
hallodri
32%
PorkchopMedia
32%
EasnLP
31%
NexotekHD
31%
tinNendo
28%
Kukielka
25%
Peterle
24%
Deadsheap
22%
Calibour
16%
SergantMax
16%
Wolfwins
16%

Verteilung der Resultate

Perzentil nach korrekt beantworteten Fragen

Anzahl Personen mit jedem Resultat

Ihre Resultats-Entwicklung

Sie haben dieses Quiz noch nicht gespielt